header

Long-term and accelerated ageing tests on rubbers (Record no. 108411)

MARC details
000 -LEADER
fixed length control field 01793nam a2200433Ia 4500
100 1# - MAIN ENTRY--AUTHOR NAME
Personal name Brown, Roger
245 10 - TITLE STATEMENT
Title Long-term and accelerated ageing tests on rubbers
260 ## - PUBLICATION, DISTRIBUTION, ETC. (IMPRINT)
Place of publication Shawbury, Shrewsbury, Shropshire, UK :
Name of publisher Rapra Technology Ltd.,
Year of publication [2000], c1999.
300 ## - PHYSICAL DESCRIPTION
Number of Pages 80 p. :
Other physical details ill.
500 ## - GENERAL NOTE
General note "Expert overviews covering the science and technology of rubber and plastics."
General note Report 110.
650 #0 - SUBJECT ADDED ENTRY--TOPICAL TERM
Topical Term Rubber
Topical Term Thermogravimetry
Topical Term Fourier transform infrared spectroscopy
Topical Term Electron spectroscopy
Topical Term Pyrolysis
Topical Term Gel permeation chromatography
700 1# - ADDED ENTRY--PERSONAL NAME
Personal name Forrest, M. J.
Personal name Soulagnet, G.
856 40 - ELECTRONIC LOCATION AND ACCESS
Uniform Resource Identifier http://site.ebrary.com/lib/rucke/Doc?id=10597068

No items available.

© 2026 Rongo University
Contact us: librarian | system librarian | Rongo university